00814nam a22001817a 450000500170000001000150001702000260003203500140005803700090007208200110008110000390009224501920013125000210032326000830034427001080042730000530053570000440058820250107145652.0 aHIN-129177 a9788190555500c495.00 aHN-101523 bDBAD a3982.2 aगुप्ता, सरोज  aलोक साहित्य और वैश्वीकरण /cसरोज गुप्ता और संगीता सुहाने द्वारा संपादित aप्रथम  aइलाबाद bअनुभूति पब्लिशर्स c2016  a52,तुलारामबागbइलाहबाद e211006k9827514447mvinodshukla185@gmail.com a166 पृ.c22सेमी (सजिल्द) aसुहाने, संगीता